000 00307nam a2200121Ia 4500
008 220204s9999 xx 000 0 und d
082 _a579.222
_bGOT
100 _aGOTTSCHALK, Gerhard
245 0 _aBacterial metabolism
260 _aNew York
_bSpringer
_c1979
650 _aBacterial metabolism
942 _cBK
999 _c33696
_d33696